000 00797nam a22001817a 4500
999 _c372064
_d372064
008 201127b ||||| |||| 00| 0 eng d
040 _aDE-2950
_bger
_cDE-2950
_erda
041 _ager
245 _aZwischen Krisen und Zukunftsprojekten - das Jahr 2022 in Frankfurt von A bis Z.
_bFazit. In wenigen Stunden heißt es auch in Frankfurt (Oder) und Slubice Abschied nehmen von 2022. Das zu Ende gehende Jahr war geprägt von zahlreichen Krisen und viel Unsicherheit ...
264 _c2022
653 _aFrankfurt (Oder)
653 _aRückblick 2022
773 _dFrankfurt (Oder) Märkisches Verlags- und Druckhaus GmbH & Co KG
_tMärkische Oderzeitung
_g33. Jahrgang (2022) Nr. 304 vom 30.12.2022, S. 16
942 _cA